Ilusões / (Record no. 35)

MARC details
000 -LÍDER
campo de controle de tamanho fixo 01769nam a2200301 4500
001 - NÚMERO DE CONTROLE
campo de controle 35
003 - IDENTIFICADOR DO NÚMERO DE CONTROLE
campo de controle OSt
005 - DATA E HORÁRIO DA ÚLTIMA TRANSAÇÃO
campo de controle 20250207101740.0
008 - CAMPO DE DADOS FIXOS--INFORMAÇÃO GERAL
campo de controle de tamanho fixo 250121b |||||||g |||| 00| 1 eng d
040 ## - FONTE DA CATALOGAÇÃO
Idioma da catalogação por
041 ## - CÓDIGO DE IDIOMA
Código do idioma do original e/ou traduções intermediárias do texto eng
Código do idioma do texto/trilha sonora ou título diferente por
082 ## - CDD - CLASSIFICAÇÃO DECIMAL DE DEWEY
Número de Classificação 813
Número do exemplar B118i
100 1# - ENTRADA PRINCIPAL--NOME PESSOAL
Nome pessoal Bach, Richard,
Datas associadas ao nome 1936-
9 (RLIN) 99
240 ## - TÍTULO UNIFORME
Título uniforme Illusions
245 ## - TÍTULO
Título Ilusões /
Indicação de responsabilidade, etc. Bach, Richard ; Tradução de Luzia Machado da Costa
250 ## - EDIÇÃO
Declaração de edição 7° edição
260 ## - PUBLICAÇÃO, DISTRIBUIÇÃO, ETC.
Local de publicação, distribuição, etc. Rio de Janeiro
Nome do editor, distribuidor, etc. Record
Data da publicação, distribuição, etc. 1977
300 ## - DESCRIÇÃO FÍSICA
Extensão 156 p.
520 ## - NOTA DE RESUMO, ETC.
Resumo, etc. Os milhões de leitores das aventuras de Fernão Capelo Gaivota encontram novas palavras de inspiração, além de momentos da mais prazerosa leitura, em Ilusões, um dos maiores sucessos de Richard Bach, que, há quase três décadas, vem motivando pessoas em todo o mundo com a emocionante história do encontro com um messias moderno. Neste livro que se segue a Fernão Capelo Gaivota, Richard nos transporta na cabine de um biplano até um lugar onde conhece Donald Shimoda, ex-mecânico que faz as ferramentas voarem, a imaginação do autor viajar e os leitores viverem uma vida muito mais feliz e completa. Autor consagrado e piloto apaixonado por aviões, Bach – que sintetizou nas aventuras da mais famosa das gaivotas os sentimentos, as ambições, os medos e os objetivos de toda uma geração – reflete sobre a condição humana, sobre seus anseios e mistérios em uma história inesquecível, que mudou, para melhor, a vida de milhões de pessoas em todo o mundo.
650 #0 - ASSUNTO--TERMO TÓPICO
Cabeçalho tópico ou nome geográfico Literatura Americana
9 (RLIN) 84
650 #0 - ASSUNTO--TERMO TÓPICO
Cabeçalho tópico ou nome geográfico Espiritualidade
9 (RLIN) 16
650 #0 - ASSUNTO--TERMO TÓPICO
Cabeçalho tópico ou nome geográfico Religião
9 (RLIN) 100
650 #0 - ASSUNTO--TERMO TÓPICO
Cabeçalho tópico ou nome geográfico Auto Conhecimento
9 (RLIN) 19
650 #0 - ASSUNTO--TERMO TÓPICO
Cabeçalho tópico ou nome geográfico Filosofia
9 (RLIN) 4
655 #0 - TERMO DE ÍNDICE--GÊNERO E FORMA
Gênero/forma/ou termo foco Não Ficção
700 ## - ENTRADA ADICIONADA - NOME PESSOAL
Nome pessoal Luzia Machado da Costa
Função do autor por extenso Tradutor
9 (RLIN) 103
942 ## - ELEMENTOS DE ENTRADA ADICIONADOS (KOHA)
Fonte de classificação ou esquema de arquivamento Classificação decimal de Dewey
Ocultar no OPAC Não
Tipo de material Koha Livros
Holdings
Situação do descarte Situação das perdas Fonte de classificação ou esquema de arquivamento Status danificado Não pode ser emprestado Coleção Biblioteca de origem Biblioteca atual Localização na estante Data de aquisição Fonte de aquisição Total de empréstimos Número de chamada completo Código de barras Data de último acesso Número do exemplar Data do preço efetivo Tipo de material Koha
    Classificação decimal de Dewey     Ficção Biblioteca Professor Eduardo Afonso de Castro Biblioteca Professor Eduardo Afonso de Castro Literatura Estrangeira 22.07.2013 doação   813 / B118i 2025-14669 20.01.2025 Ex. 01 20.01.2025 Livros
    Classificação decimal de Dewey     Ficção Biblioteca Professor Eduardo Afonso de Castro Biblioteca Professor Eduardo Afonso de Castro Literatura Estrangeira 28.08.2012 doação   813 / B118i 2025-2882 20.01.2025 Ex. 02 20.01.2025 Livros

Powered by Koha